书目信息 |
| 题名: |
“摩尔 和“将军”
|
|
| 作者: | 宋洪训 著 | |
| 分册: | ||
| 出版信息: | 北京 中国少年儿童出版社 1982 |
|
| 页数: | 108页 | |
| 开本: | 20cm | |
| 丛书名: | ||
| 单 册: | ||
| 中图分类: | A7 | |
| 科图分类: | ||
| 主题词: | 马克思--生事迹 , 马克思--传记 , 恩格斯--生平事迹 , 恩格斯--传记 , 列宁--生平事迹 , 列宁--传记 , 毛泽东--生平事迹 , 毛泽东--传记 | |
| 电子资源: | ||
| ISBN: | ||
| 000 | 00743nam0 2200277 450 | |
| 001 | 0659952827 | |
| 005 | 20060811164039.73 | |
| 010 | @dCNY0.27 | |
| 100 | @a20060811d1982 km y0chiy0120 ea | |
| 101 | 0 | @achi |
| 102 | @aCN@b110000 | |
| 200 | 1 | @a“摩尔 和“将军”@A“mo er he“jiang jun”@f宋洪训著@Fsong hong xun zhu |
| 210 | @a北京@c中国少年儿童出版社@d1982 | |
| 215 | @a108页@c插图@d20cm | |
| 606 | 0 | @a马克思@x生事迹 |
| 606 | 0 | @a马克思@x传记 |
| 606 | 0 | @a恩格斯@x生平事迹 |
| 606 | 0 | @a恩格斯@x传记 |
| 606 | 0 | @a列宁@x生平事迹 |
| 606 | 0 | @a列宁@x传记 |
| 606 | 0 | @a毛泽东@x生平事迹 |
| 606 | 0 | @a毛泽东@x传记 |
| 690 | @aA7@v3 | |
| 701 | 0 | @a宋洪训@Asong hong xun@4著 |
| 801 | 0 | @aCN@bPFT@c20060811 |
| 905 | @a10447@dA7@e147 | |
| “摩尔 和“将军”/宋洪训著.-北京:中国少年儿童出版社,1982 |
| 108页:插图;20cm |
| ISBN :CNY0.27 |
| ● |
| 相关链接 |
|
|
|
|
正题名:"摩尔 和"将军"
索取号:A7/147
 
预约/预借
| 序号 | 登录号 | 条形码 | 馆藏地/架位号 | 状态 | 备注 |
| 1 | 0448790 | 204487901 | 密集书库/ [索取号:A7/147] | 在馆 |